Представление документа в формате MARC21

Поле Инд. ПП Название Значение
Тип записи a
Библиографический уровень s
001 Контрольный номер DU/576614289
005 Дата корректировки 20251028170742.0
008 Кодируемые данные 20180331
022 0_ a ISSN 2072-8964
084 a Индекс другой классификации/Индекс ББК 32.81; 32.965; 32.972
090 a Полочн. индекс Сводное описание журнала
245 10 a Заглавие Информационные системы и технологии
c Ответственность учредитель: Орловский государственный университет имени И. С. Тургенева; гл. ред. И. С. Константинов
246 03 a Другая форма заглавия Известия ОрелГТУ. Серия: Информационные системы и технологии
260 b Издательство Орловский государственный университет им. И. С. Тургенева
a Место издания Орел
310 a Периодичность в н.в. 6 раз в год
362 1_ a Даты публикации или номер тома 2004 - 2015; 2018
500 a Примечание Журнал, основан в 2002 году
a Примечание Архив выпусков (содержание, аннотации, ключевые слова) на сайте Орловского государственного университета: http://oreluniver.ru/science/journal/isit/archive
520 0_ a Аннотация Журнал отражает научные направления, связанные с информационными системами и технологиями: информатикой и вычислительной техникой, информационно-измерительными приборами и системами, радиотехникой и связью. В числе постоянных рубрик журнала – математическое и программное обеспечение вычислительной техники и автоматизированных систем; компьютерное моделирование; автоматизация и управление технологическими процессами и производствами; телекоммуникационные системы и компьютерные сети; информационная безопасность и защита информации; информационные технологии в социально-экономических и организационно-технических системах
540 a Правовые условия Бесплатный доступ с регистрацией
b Поставщик/Провайдер eLibrary
540 b Поставщик/Провайдер eLIBRARY
c Источник права электронная подписка
547 a Прим. на прежнее заглавие До второго полугодия 2009 года журнал назывался "Известия ОрелГТУ. Серия: Информационные системы и технологии"
650 14 a Основная рубрика информатика; информационные технологии; вычислительная техника; компьютерные сети
650 04 a Основная рубрика техника
653 1_ a Ключевые слова автоматизация производства
a Ключевые слова автоматизация технологических процессов
a Ключевые слова информационная безопасность
a Ключевые слова информационные системы
a Ключевые слова математическое моделирование
a Ключевые слова программное обеспечение
856 40 a Имя сервера/домена Научная электронная библиотека eLIBRARY.RU
d Путь http://elibrary.ru
i Указания/сценарий входа Доступ после регистрации на компьютерах университета
u URL https://elibrary.ru/contents.asp?id=34045908
y Справочный текст Электронная версия
z Примечание для пользователя Архив 2004 - 2015, 2018 гг.
900 a Имя электронного ресурса obl_informacionnye_sistemy_i_tehnologii
901 t Тип документа u
952 a Тип литературы для КСУ ВШ НЖ
991 s 3